Catalog

Record Details

Catalog Search



Povídka mého života. Kniha I  Cover Image Book Book

Povídka mého života. Kniha I / František Josef Vlček

Record details

  • Physical Description: 286 s. : [VIII] obr. příl. ; 8°
  • Edition: 3. vyd.
  • Publisher: Hradec Králové : Frant. Šupka, 1935

Available copies

  • 1 of 1 copy available at Common Catalog SPOK.

Holds

  • 0 current holds with 1 total copy.
Show Only Available Copies
Location Call Number / Copy Notes Barcode Shelving Location Status Due Date
KDS Library 810 VlF 204576801490 Library Available -

LDR 00617nam a22001931 4500
00121128
003CZ-PrJAB
00520150713090341.0
008990705s1935 xr cze
015 . ‡acnb000741416
035 . ‡a(CZ PrNK)bk193504711
035 . ‡a(OCoLC)85533404
040 . ‡aABA001 ‡bcze ‡cABA001 ‡dABA001
1001 . ‡aVlček, František Josef, ‡d1871-1947 ‡7jk01150097 ‡4aut
24510. ‡aPovídka mého života. ‡nKniha I / ‡cFrantišek Josef Vlček
250 . ‡a3. vyd.
260 . ‡aHradec Králové : ‡bFrant. Šupka, ‡c1935 ‡e(v Náchodě : ‡fVáclav Lehm)
300 . ‡a286 s. : ‡b[VIII] obr. příl. ; ‡c
910 . ‡aABE463
998 . ‡a000741416
901 . ‡a21128 ‡b ‡c21128 ‡tbiblio

Additional Resources